00582nam a2200133Ia 4500008004100000020001800041100001500059245013600074260002200210440004800232650010100280650002200381856004500403171212s9999 xx 000 0 und d a9781921536083 aBreen, Bob cBreen, BobaStruggling for Self ReliancebFour case studies of Australian Regional Force Projection in the late 1980s and the 1990s bANU E Pressc2008 aStrategic and Defence Studies Centre (SDSC) aAustralia -- Armed Forces; National security -- Australia; Australia -- Defenses -- Case studies aPolitical Science uwww.jstor.org/stable/10.2307/j.ctt24h7g7